| 000 | 00531nam a2200169 a 4500 | ||
|---|---|---|---|
| 005 | 20140412111241.0 | ||
| 008 | 010530s19uu xx 00 eng d | ||
| 020 | _a0-590-92242-4 | ||
| 050 |
_aER _bMa27sh 1997 |
||
| 100 | _aCole, Joanna | ||
| 245 |
_aThe magic school bus : _bshows and tells a book about archeology / _cJoanna Cole and Bruce Degen. |
||
| 260 |
_aNew York : _bScholastic Inc, _c1997. |
||
| 300 | _a1v. (unp.) ; ill. | ||
| 440 | _aScholastic's the magic school bus | ||
| 650 | _aArchive-Stories | ||
| 999 |
_c102718 _d102718 |
||